Οι γυναικείοι συνεταιρισμοί ως μηχανισμοί άρσης του κοινωνικού αποκλεισμού αγρότισσας : η περίπτωση της Λέσβου : πτυχιακή μελέτη
Αποθηκεύτηκε σε:
| Κύριος συγγραφέας: | |
|---|---|
| Συγγραφή απο Οργανισμό/Αρχή: | |
| Άλλοι συγγραφείς: | |
| Μορφή: | Thesis Βιβλίο |
| Γλώσσα: | Greek |
| Δημοσίευση: |
2009
|
| Θέματα: | |
| Διαθέσιμο Online: | http://hdl.handle.net/11610/7760 |
| Ετικέτες: |
Προσθήκη ετικέτας
Δεν υπάρχουν, Καταχωρήστε ετικέτα πρώτοι!
|
MARC
| LEADER | 00000cam a2200000 i 4500 | ||
|---|---|---|---|
| 001 | 1/9467 | ||
| 008 | 100715s2009 gre d | ||
| 035 | |l 10108641 | ||
| 040 | |a GR-MY-UA |b gre |e aacr | ||
| 041 | 0 | |a gre | |
| 082 | 0 | |a 305.4 |2 (22) | |
| 100 | 1 | |a Κοτζαμάνη, Ευαγγελία. | |
| 245 | 1 | 3 | |a Οι γυναικείοι συνεταιρισμοί ως μηχανισμοί άρσης του κοινωνικού αποκλεισμού αγρότισσας : |b η περίπτωση της Λέσβου : πτυχιακή μελέτη / |c Κοτζαμάνη Ευαγγελία ; επιβλέπων: Ψημίτης Μιχάλης |
| 260 | |c 2009 | ||
| 300 | |a 95 σ.; |c 30 εκ. | ||
| 500 | |a Βιβλιογραφία: σ. 85-87 | ||
| 502 | |a Διατριβή (μεταπτυχιακή) – Πανεπιστήμιο Αιγαίου, Λέσβος, 2009. | ||
| 650 | 0 | 0 | |a Women in cooperative societies |z Greece |z Lesbos Island. |
| 650 | 0 | 0 | |a Women in development. |
| 650 | 0 | 0 | |a Women in agriculture |x Social aspects. |
| 650 | 0 | 0 | |a Women |x Employment |x Social aspects. |
| 650 | 0 | 0 | |a Women |z Greece |z Lesbos Island |x Interviews. |
| 650 | 0 | 0 | |a Dissertations, Academic |z Greece. |
| 700 | 1 | |a Ψημίτης, Μιχάλης. |4 ths | |
| 710 | 2 | |a Πανεπιστήμιο Αιγαίου |b Σχολή Κοινωνικών Επιστημών |b Τμήμα Κοινωνιολογίας |b Μεταπτυχιακό Πρόγραμμα Σπουδών Έρευνα Εφαρμοσμένη στην Ανάπτυξη Καινοτόμων Τοπικών και Περιφερειακών Πολιτικών και την Κοινωνική Συνοχή. | |
| 852 | |a INST |b LESVOS |c DIATR |e 20100715 |h 105 |p 005100048382 |q 005100048382 |t MTXE |y 23 | ||
| 852 | |a INST |b LESVOS |c DIATR |e 20100715 |h 106 |p 005100048381 |q 005100048381 |t MTXE |y 23 | ||
| 856 | |u http://hdl.handle.net/11610/7760 | ||
| 901 | |a BIBL1-2010-2 | ||
| 909 | |a Λ |b 165010 | ||
| 909 | |a Λ |b 165009 | ||
| 924 | |a ΚΟΤΖΑΜΑΝΗ |b ΕΥΓΓΑΛΙΑ |y ΛΕΣΒΟΣ |z 2009-11 | ||
| 970 | |a ΤΖΑΦΕΡΗ |b ΕΥΑΓΓΕΛΙΑ |z 2010/07/15 | ||